000 00832nam a2200217 i 4500
001 157529
003 ES-MaACL
005 20250524063053.0
008 990323s1880 sp |||| | spa d
040 _aCYL
_bspa
_cCYL
100 1 _aLeón Máinez, Ramón,
_d1846-1917
_971628
245 1 0 _aTeresa de Jesús ante la crítica /
_cpor Ramón León Mainez.
260 _aMadrid :
_b[s.n.],
_c1880 (
_fImprenta de Aurelio J. Alaria)
300 _a266 p. ;
_c21 cm.
530 _aDisponible en formato digital.
600 0 4 _aTeresa de Jesús,
_cSanta,
_d1515-1582-
_xCrítica e interpretación
_9109738
852 _aES-MaACL
_jD-1180
_z.- Legado M. de la Fuente
852 _aES-MaACL
_jT-545-F-1
856 _uhttp://bdh-rd.bne.es/viewer.vm?id=0000243958&page=1
_zBiblioteca Digital Hispánica
999 _c157529
_d157529